02025cam a22004214i 4500003000900000005001700009008004100026035001900067035001900086040003300105082001700138100002800155245009400183264003300277336002100310337002500331338002300356505044800379526000900827526000900836526000900845526000900854526000900863526000900872526000800881526000800889526000800897526000800905526000800913526000800921942001400929949018400943994001401127596000601141999023001147980005501377952017101432PE-LiUPU20250731184545.0150625s r 000 0 d a(Sirsi) a31174 a(Sirsi) a31174 aPE-LiUPUbspacPE-LiUPUerda04a909bW922211 aWright, Esmond,eautor.10aHistoria universal y de latinoamérica; el transito hacia el mundo contemporáneo .n6. 1aBarcelona :bNauta,c[19_ ]. atext2rdacontent aunmediated2rdamedia avolume2rdacarrier0 aLas nuevas conquistas: Proceso colonial en América Latina, Conflictos Coloniales en el siglo XVIII, La lucha por el Norte de América, Extrema Oriente, El imperio mogol y el auge de la India británica, Africa en el siglo XVIII, El pacífico. - La era de las revoluciones:La revolución norteamericana, La revolución Francesa, de la revolución al Imperio, la caída de Napoleón, Movimientos de Independencia en América Latina. aP136 aP135 aP134 aP133 aP144 aP143 aP87 aP35 aP20 aP14 aP10 aP06 2ddccBOOK a909 W92 6wDEWEYc1i25786lRCmBULr0sYtBOOKu2015-6-25xBIBLIOTECAzUNKNOWN0COMPRAo.CIRCNOTE. No olvidar cambiar la fecha de devolución!!!!!!!o.STAFF. Colección General aC0bPEPRU a1 a909 W92 6wDEWEYc38699i25786d38699e2015-11-6f2021-11-8g5lCCODEBUL1mBULn1r0sYtBOOKu2015-6-25xBIBLIOTECAzUNKNOWN0COMPRAo.CIRCNOTE. No olvidar cambiar la fecha de devolución!!!!!!!o.STAFF. Colección General 81gALBERTO SANCHEZ Responsable de Automatización r2025-12-03 00:00:00i6l1o909 W92 6p25786s2015-11-06te1w2015-06-25xFACIHEDyBKzinventario-2023-12-13102ddc50708GENfP14aBULbBULcGENd2015-06-25eCOMPRA